| 000 | 00740cam a22002653a 4500 | ||
|---|---|---|---|
| 001 | 24104 | ||
| 003 | PGUSA | ||
| 005 | 20140828083521.0 | ||
| 008 | 080101s2008||||xxu|||||s|||||000 1 eng d | ||
| 040 |
_aPGUSA _beng |
||
| 042 | _adc | ||
| 050 | 4 | _aPS | |
| 100 | 1 |
_aLeinster, Murray, _d1896-1975 |
|
| 245 | 1 | 4 |
_aThe Aliens _h[electronic resource] / _cMurray Leinster |
| 260 |
_bProject Gutenberg, _c2008 |
||
| 506 | _aPublic domain in the USA. | ||
| 516 | _aElectronic text | ||
| 653 | _aExtraterrestrial beings -- Fiction | ||
| 653 | _aSpace flight -- Fiction | ||
| 653 | _aScience fiction | ||
| 700 | 1 | _aDongen, H. R. van | |
| 830 | 0 |
_aProject Gutenberg _v24104 |
|
| 856 | 4 | 0 | _uhttp://www.gutenberg.org/ebooks/24104 |
| 942 | _cEB | ||
| 999 |
_c253359 _d253359 |
||